<?xml version="1.0" encoding="UTF-8"?>
<collection xmlns="http://www.loc.gov/MARC21/slim">
 <record>
  <leader>00698pamaa2200193   4500</leader>
  <controlfield tag="001">0000020058</controlfield>
  <controlfield tag="005">20060605090000.0</controlfield>
  <datafield tag="020" ind1="0" ind2="0">
   <subfield code="a">0300063865 </subfield>
  </datafield>
  <datafield tag="082" ind1=" " ind2=" ">
   <subfield code="a">364.106 HAN</subfield>
  </datafield>
  <datafield tag="090" ind1="0" ind2="0">
   <subfield code="a">HV6453.R8 </subfield>
   <subfield code="b">HAN 1995</subfield>
  </datafield>
  <datafield tag="100" ind1="1" ind2="0">
   <subfield code="a">HANDELMAN </subfield>
  </datafield>
  <datafield tag="245" ind1="1" ind2="0">
   <subfield code="a">Comrade criminal : </subfield>
   <subfield code="b">Russia's new mafiya  </subfield>
   <subfield code="c">Stephen Handelman.</subfield>
  </datafield>
  <datafield tag="260" ind1="0" ind2="0">
   <subfield code="a">New Haven: </subfield>
   <subfield code="b">Yale University Press, </subfield>
   <subfield code="c">c1995.</subfield>
  </datafield>
  <datafield tag="300" ind1=" " ind2=" ">
   <subfield code="a">x, 398p.; </subfield>
   <subfield code="c">25cm.</subfield>
  </datafield>
  <datafield tag="650" ind1="0" ind2="0">
   <subfield code="a">Organized crime -- </subfield>
   <subfield code="z">Russia (Federation) </subfield>
  </datafield>
  <datafield tag="650" ind1="0" ind2="0">
   <subfield code="a">Political corruption -- </subfield>
   <subfield code="z">Russia (Federation) </subfield>
  </datafield>
  <datafield tag="650" ind1="0" ind2="0">
   <subfield code="a">Post-communism -- </subfield>
   <subfield code="z">Russia (Federation) </subfield>
  </datafield>
  <datafield tag="651" ind1="0" ind2="0">
   <subfield code="a">Russia (Federation) -- </subfield>
   <subfield code="x">Social conditions -- </subfield>
   <subfield code="y">1991- </subfield>
  </datafield>
  <datafield tag="651" ind1="0" ind2="0">
   <subfield code="a">Russia (Federation) -- </subfield>
   <subfield code="x">Politics and government -- </subfield>
   <subfield code="y">1991- </subfield>
  </datafield>
 </record>
</collection>
